MARC

LEADER 00000nam0a2200000 4500
001 325681
005 20231102003803.0
035 |a (RuTPU)RU\TPU\book\351296 
090 |a 325681 
100 |a 20161209d1936 m y0rusy50 ca 
101 0 |a rus 
102 |a RU 
105 |a a z 001zb 
200 1 |a Георг Вильгельм Пабст  |f Н. Ефимов  |g авт. предисл. Н. Оттен 
210 |a Москва  |a Ленинград  |c Искусство  |d 1936 
215 |a 84 с.  |c ил. 
225 1 |a Лучшие мастера и фильмы зарубежной кинематографии  |v Вып. 1 
320 |a Перечень фильмов, поставленных Пабстом: с. 81-83 
600 1 |a Пабст  |b Г. В.  |c австрийский кинорежиссер  |f 1885-1967  |g Георг Вильгельм  |2 stltpush  |3 (RuTPU)RU\TPU\pers\46153 
606 1 |a Кинорежиссура  |2 stltpush  |3 (RuTPU)RU\TPU\subj\14377  |9 40778 
610 1 |a творчество 
610 1 |a зарубежные фильмы 
610 1 |a европейское кино 
610 1 |a Германия 
675 |a 791.44.071.1  |v 4 
700 1 |a Ефимов  |b Н. 
702 1 |a Оттен  |b Н.  |4 080 
801 1 |a RU  |b 63413507  |c 20161209 
801 2 |a RU  |b 63413507  |c 20200219  |g RCR 
942 |c BK